00665nam a2200241 a 4500001001300000003000900013005001700022008004100039020001000080082001500090100001500105245000800120260003500128300000800163500003500171505004400206650003300250700001500283902000800298942000700306952009500313999001500408nice12345678IN_TiNIC20260116012045.0050524s0000 sura grs 000 0 gug  ac10000a297.7bIBR aIbraheem,  aIlm aSuratbIbraheem Brothersc0000 a00p aincludes index and biblioraphy2 aTransl. from the Persian Moizuddin Nama aIslam-Education and Training1 aIbraheem,  bSRS cPS 00104070aHMIbHMId2007-07-12g100.00l0o297.7 IBRp06422r2007-07-12w2026-01-16yEB c5460d5460